Central Library OPAC University of Rajshahi

Political ideology : (Record no. 36393)

MARC details
000 -LEADER
fixed length control field 00855nam a2200277 a 4500
001 - CONTROL NUMBER
control field 36393
003 - CONTROL NUMBER IDENTIFIER
rucl marc code BD-RjUL
005 - DATE AND TIME OF LATEST TRANSACTION
control field 20211209052500.0
008 - FIXED-LENGTH DATA ELEMENTS--GENERAL INFORMATION
fixed length control field 140622r19681967nyu 001 0 eng
035 ## - SYSTEM CONTROL NUMBER
System control number (BD-RjUL)36490
040 ## - CATALOGING SOURCE
Original cataloging agency IAI
Transcribing agency IAI
Modifying agency m.c
-- BD-RjUL
Language of cataloging eng
041 ## - LANGUAGE CODE
Language code of text/sound track or separate title eng
082 04 - DEWEY DECIMAL CLASSIFICATION NUMBER
Classification number 320.5
Author mark and year LAP 1968
090 ## - LOCALLY ASSIGNED LC-TYPE CALL NUMBER (OCLC); LOCAL CALL NUMBER (OCLC)
Classification number (OCLC) (R) ; Classification number, CALL (RLIN) (NR) HM271
Local cutter number (OCLC) ; Book number/undivided call number, CALL (RLIN) .L2 1967
100 1# - MAIN ENTRY--PERSONAL NAME
Personal name Lane, Robert Edwards.
9 (RLIN) 102001
245 10 - TITLE STATEMENT
Title Political ideology :
Remainder of title why the American common man believes what he does /
Statement of responsibility, etc. Robert E. Lane
260 ## - PUBLICATION, DISTRIBUTION, ETC. (IMPRINT)
Place of publication, distribution, etc. New York :
Name of publisher, distributor, etc. Free Press,
Date of publication, distribution, etc. c1962 [printing 1968]
300 ## - PHYSICAL DESCRIPTION
Pagination xi, 509 p. ;
Size 21 cm
490 0# - SERIES STATEMENT
Series statement Free Press paperback
504 ## - BIBLIOGRAPHY, ETC. NOTE
Bibliography, etc Includes bibliographical references and index
650 #0 - SUBJECT ADDED ENTRY--TOPICAL TERM
Topical term or geographic name as entry element Ideology
9 (RLIN) 110739
Topical term or geographic name as entry element IdeologyDemocracy
9 (RLIN) 273
Topical term or geographic name as entry element Liberty
9 (RLIN) 110740
830 1# - SERIES ADDED ENTRY--UNIFORM TITLE
Uniform title Free Press paperback
942 ## - ADDED ENTRY ELEMENTS (KOHA)
Source of classification or shelving scheme Dewey Decimal Classification
Koha item type Books
Holdings
Lost status Source of classification or shelving scheme Damaged status Not for loan Collection code Permanent Location Current Location Shelving location Date acquired Source of acquisition Cost, normal purchase price Total Checkouts Full call number Date last seen Copy number Koha item type
  Dewey Decimal Classification   Not For Loan Non-fiction Central Library, University of Rajshahi Central Library, University of Rajshahi Reading Room 26/06/1970 Zeitlinger. 84.00   320.5 LAP 1968 22/06/2014 C-1 Books
  Dewey Decimal Classification   Not For Loan Non-fiction Central Library, University of Rajshahi Central Library, University of Rajshahi Reading Room 26/06/1970 Zeitlinger. 84.00   320.5 LAP 1968 22/06/2014 C-2 Books